000
00341nam a2200145Ia 4500
999
_c
14086
_d
14086
003
OSt
005
20260327145143.0
008
260210s9999 xx 000 0 und d
020
_a
9788997079810
082
_a
747.85
100
_a
DMP
245
0
_a
Cafe Ii: International Cafe Design Trends All In One
260
_b
DMP
942
_c
BDES
_2
ddc